Participación organizacional, papel económico y representaciones ideológico-culturales de la mujer rural en Costa Rica. Tomo I: Informe analítico del proyecto /

Estudio de las limitaciones y posibilidades que tienen las mujeres rurales de los sectores populares de Costa Rica para participar en actividades económicas remuneradas, aparte de las que pueden considerarse actividades domésticas. Para tal efecto, la estrategia investigativa utilizada toma como bas...

ver descrição completa

Na minha lista:
Detalhes bibliográficos
Autor principal: Ramírez Boza, Mario A.
Outros Autores: coordinador
Formato: Texto
Publicado em: San Pedro de M. de O.: UCR. Instituto de Investigaciones Sociales
Assuntos:
Tags: Adicionar Tag
Sem tags, seja o primeiro a adicionar uma tag!

MARC

LEADER 00000 a a2200000 04500
001 13461
003
040
090 |a 025300  
100 |a Ramírez Boza, Mario A.  
245 |a Participación organizacional, papel económico y representaciones ideológico-culturales de la mujer rural en Costa Rica. Tomo I: Informe analítico del proyecto /  |c Mario A. Ramírez Boza  
260 |a San Pedro de M. de O.:   |b UCR. Instituto de Investigaciones Sociales  
300 |a vi, 312 p.  
300 |b **no definido**  
500 |a Informe final de investigación del proyecto  
520 |a Estudio de las limitaciones y posibilidades que tienen las mujeres rurales de los sectores populares de Costa Rica para participar en actividades económicas remuneradas, aparte de las que pueden considerarse actividades domésticas. Para tal efecto, la estrategia investigativa utilizada toma como base cuatro zonas considradas de mayor representatividad en el campo agrícola, a saber: 1-. San Ramón, 2-. San Isidro y Buenos Aires, 3-. San Carlos, y 4-. Santa Cruz y Nicoya, cada una de las cuales es analizada en cuanto a su productividad agrícola y el nivel de participación de la mujer rural. EML/mb  
650 |a GUANACASTE, CR  
650 |a MUJERES RURALES  
650 |a MARCO INSTITUCIONAL  
650 |a TENENCIA DE LA TIERRA  
650 |a ASPECTOS ECONOMICOS  
650 |a ASPECTOS SOCIALES  
650 |a PRODUCTIVIDAD DEL TRABAJO  
650 |a PARTICIPACION DE LA MUJER  
650 |a GRUPOS SOCIALES  
650 |a METODOLOGIA  
650 |a TENENCIA DE LA TIERRA  
650 |a MECANIZACION AGRICOLA  
650 |a PRODUCCION AGROPECUARIA  
650 |a PRODUCTOS AGROPECUARIOS  
650 |a SALUD  
650 |a PRODUCTIVIDAD DEL TRABAJO  
650 |a PARTICIPACION DE LA MUJER  
650 |a CAPACITACION EN EL EMPLEO  
650 |a RELACIONES LABORALES  
650 |a CONDICIONES ECONOMICAS  
700 |a coordinador  
999 |c 11956  |d 11956